Statistics for Countries with the Biggest Chinese Populations Outside of China

Click here to take the quiz!

General Stats

  • This quiz has been taken 584 times
    (371 since last reset)
  • The average score is 24 of 33

Answer Stats

HintAnswer% Correct
3,794,672United States
99%
466,000United Kingdom
96%
1,487,580Canada
95%
2,832,510Indonesia
94%
200,000Russia
94%
700,000France
93%
674,871Japan
93%
798,113South Korea
93%
866,200Australia
91%
6,392,792Malaysia
91%
970,927Vietnam
91%
9,392,792Thailand
90%
151,000Brazil
89%
23,480,000Taiwan
89%
320,794Italy
86%
2,547,300Singapore
86%
145,245Spain
84%
190,000Laos
83%
180,066New Zealand
81%
782,600Cambodia
79%
120,000Argentina
78%
1,350,000Philippines
73%
1,300,000Peru
68%
350,000South Africa
68%
1,637,540Myanmar
62%
160,000Colombia
61%
400,000Venezuela
56%
180,000United Arab Emirates
47%
114,242Cuba
35%
6,000Qatar
33%
135,000Panama
29%
259,000Angola
14%
6,003Trinidad and Tobago
6%

Score Distribution

Percentile by Number Answered

Percent of People with Each Score

Your Score History

You have not taken this quiz since the last reset